Colombia : (Registro nro. 8134)

Detalles MARC
000 -LEADER
fixed length control field 00906nam a2200205Ia 4500
003 - CONTROL NUMBER IDENTIFIER
control field OSt
005 - DATE AND TIME OF LATEST TRANSACTION
control field 20210721121338.0
008 - FIXED-LENGTH DATA ELEMENTS--GENERAL INFORMATION
fixed length control field 210310s2004 ck ab gr 000 0 eng d
040 ## - CATALOGING SOURCE
Original cataloging agency CO-JMCR
Transcribing agency CO-JMCR
041 0# - LANGUAGE CODE
Language code of text/sound track or separate title eng
082 04 - DEWEY DECIMAL CLASSIFICATION NUMBER
Classification number 332.673 /
Item number C679c2
Edition number 23
110 2# - MAIN ENTRY--CORPORATE NAME
Corporate name or jurisdiction name as entry element Coinvertir
9 (RLIN) 38492
245 10 - TITLE STATEMENT
Title Colombia :
Remainder of title legal framework /
Statement of responsibility, etc. Coinvertir
260 ## - PUBLICATION, DISTRIBUTION, ETC.
Place of publication, distribution, etc. Bogotá :
Name of publisher, distributor, etc. Corporación Invertir en Colombia,
Date of publication, distribution, etc. 2004
300 ## - PHYSICAL DESCRIPTION
Extent 138 páginas :
Other physical details ilustraciones y mapas a blanco y negro ;
Dimensions 28 cm.
505 0# - FORMATTED CONTENTS NOTE
Formatted contents note Foreign investment --Exchange regime -- Foreign trade -- Special foreign trde regimes -- Corporate regime -- Acquisitions mergers and split-off´s -- Tax regime -- Labor regime -- Inmigration regime -- Public contracting -- Environmental -- Intellectual property
650 14 - SUBJECT ADDED ENTRY--TOPICAL TERM
Topical term or geographic name entry element Análisis de inversiones
9 (RLIN) 16432
Geographic subdivision Colombia
651 #4 - SUBJECT ADDED ENTRY--GEOGRAPHIC NAME
Geographic name Colombia
General subdivision Política económica
9 (RLIN) 6872
942 ## - ADDED ENTRY ELEMENTS (KOHA)
Source of classification or shelving scheme Dewey Decimal Classification
Koha item type Books
Existencias
Withdrawn status Lost status Source of classification or shelving scheme Damaged status Not for loan Collection code Home library Current library Date acquired Source of acquisition Total Checkouts Full call number Barcode Date last seen Date last checked out Copy number Koha item type
    Dewey Decimal Classification     Non-fiction Biblioteca Pública José María del Castillo y Rada Biblioteca Pública José María del Castillo y Rada 04/15/2018 Donación 1 332.673 / C679c2 430003291 05/16/2024 01/26/2024 Ej.1 Books